000 00532nam a2200205 i 4500
001 C2-0083984
003 PPAK
005 20180727085741.0
008 970429s1982 enka|||| ||||| | eng d
040 _aPPAK
_beng
_cPPAK
_erda
082 0 4 _a643
_223
090 0 0 _a643
_bNEW
_dR
245 0 4 _aThe new home owner manual
264 1 _aLondon :
_bHamlyn ,
_c1982
300 _a880 pages :
_billustrations ;
_c20 cm
336 _2rdacontent
_atext
337 _2rdamedia
_aunmediated
338 _2rdacarrier
_avolume
942 _ddc
_cB
999 _c16203
_d16203